000 00593nam a22002297a 4500
003 UA-OsUOA
001 87076
007 ta
008 20120914b un ||||| |||| 00| 0 ukr d
100 _aМоренец Н.
090 _a82.09
_bМ 79
942 _cBK
040 _aUA-OsUOA
_brus
_cUA-OsUOA
_dUA-OsUOA
245 _aШевченко в Петербурге
_bПо памятним местам жизни и творчества
300 _a129 с.
955 _a3
041 _arus
080 _a82.09
260 _aЛенинград
_c1960
650 7 _2UDC
999 _c373367
_d373367